ਕਲਮ-ਕਟਾਰ / (Record no. 110481)

MARC details
000 -LEADER
fixed length control field 01044nam a22002657a 4500
005 - DATE AND TIME OF LATEST TRANSACTION
control field 20170123164153.0
010 ## - LIBRARY OF CONGRESS CONTROL NUMBER
LC control number B-081169
020 ## - INTERNATIONAL STANDARD BOOK NUMBER
Terms of availability 200.00
International Standard Book Number 8178830523
035 ## - SYSTEM CONTROL NUMBER
System control number B-081169
037 ## - SOURCE OF ACQUISITION
Source of stock number/acquisition Cen Lib/Ret
040 ## - CATALOGING SOURCE
Original cataloging agency DPL
Language of cataloging EN
082 ## - DEWEY DECIMAL CLASSIFICATION NUMBER
Classification number 070.4
Item number ਭੁੱਲਰ
100 ## - MAIN ENTRY--PERSONAL NAME
Personal name ਭੁੱਲਰ, ਗੁਰਬਚਨ ਸਿੰਘ
9 (RLIN) 136112
245 ## - TITLE STATEMENT
Title ਕਲਮ-ਕਟਾਰ /
Statement of responsibility, etc ਗੁਰਬਚਨ ਸਿੰਘ ਭੁੱਲਰ
246 ## - VARYING FORM OF TITLE
Title proper/short title literary journalism /
Remainder of title by Gurbhachan Singh Bhullar
260 ## - PUBLICATION, DISTRIBUTION, ETC. (IMPRINT)
Place of publication, distribution, etc ਲੁਧਿਆਣਾ
Name of publisher, distributor, etc ਚੇਤਨਾ ਪ੍ਰਕਾਸ਼ਨ
Date of publication, distribution, etc 2002
270 ## - ADDRESS
Address ਪੰਜਾਬੀ ਭਵਨ
City ਲੁਧਿਆਣਾ
300 ## - PHYSICAL DESCRIPTION
Extent 231p.
Dimensions 21cm(Hb)
500 ## - GENERAL NOTE
General note Includes bibliographical references and index
650 ## - SUBJECT ADDED ENTRY--TOPICAL TERM
Topical term or geographic name as entry element Editorials -- India -- Punjab.
9 (RLIN) 128017
650 ## - SUBJECT ADDED ENTRY--TOPICAL TERM
Topical term or geographic name as entry element Editorials.
9 (RLIN) 38101
650 ## - SUBJECT ADDED ENTRY--TOPICAL TERM
Topical term or geographic name as entry element ਸੰਪਾਦਕੀਯ
9 (RLIN) 136113
650 ## - SUBJECT ADDED ENTRY--TOPICAL TERM
Topical term or geographic name as entry element ਸੰਪਾਦਕੀਯ -- ਇੰਡੀਆ -- ਪੰਜਾਬ
9 (RLIN) 136114
942 ## - ADDED ENTRY ELEMENTS (KOHA)
Source of classification or shelving scheme Dewey Decimal Classification
Koha item type English Books
Classification part 070.4
Call number suffix ਭੁੱਲਰ
Holdings
Withdrawn status Lost status Source of classification or shelving scheme Damaged status Not for loan Home library Current library Date acquired Source of acquisition Cost, normal purchase price Total Checkouts Full call number Barcode Date last seen Copy number Cost, replacement price Price effective from Koha item type
    Dewey Decimal Classification     Central Library Central Library 25/01/2016 Cen Lib/Ret 200.00   070.4 ਭੁੱਲਰ B-081169 25/01/2016 1 200.00 25/01/2016 Punjabi Bks

© Delhi Public Library
Hit Counter
free hit counter